| 000 | 00554nam a2200157 i 4500 | ||
|---|---|---|---|
| 001 | bg | ||
| 100 | 1 | _aPITLOUN, Rudolf | |
| 245 | 0 |
_aVibrating beams : _btables for calculation of natural frequencies and dynamic deflection curves for single and coninuuous spans with point loads, cantilever ands and elastic supports / _cRudolf Pitloun. |
|
| 260 |
_aBerlin : _bVEB Verl. für Bauwesen, _c1971. |
||
| 650 | 9 | _aKonstrukcje budowlane | |
| 040 | _cBPK | ||
| 041 | _apol | ||
| 080 | _a624.01/.07 | ||
| 942 | _cKS | ||
| 008 | s pl f |000 0 pol | ||
| 999 |
_c27102 _d27102 |
||
| 856 |
_uhttp://koha.tu.koszalin.pl/cgi-bin/koha/opac-detail.pl?biblionumber=27102 _yKatalog online BPK |
||